Nommez un département français valide - Dénomination - Statistiques

Statistiques générales
  • Ce quiz a été pris 1 802 fois
  • Le résultat moyen est 6 sur 9
Statistiques - réponses
Origines des noms # Département(s) % Correct
Cours d'eau 67 Ain | Aisne | Allier | Ardèche | Ariège | Aube | Aude | Aveyron | Bouches-du-Rhône | Charente | Charente-Maritime | Cher | Corrèze | Creuse | Dordogne | Doubs | Drôme | Eure | Eure-et-Loir | Gard | Haute-Garonne | Gers | Gironde | Hérault | Ille-et-Vilaine | Indre | Indre-et-Loire | Isère | Loir-et-Cher | Loire | Haute-Loire | Loire-Atlantique | Loiret | Lot | Lot-et-Garonne | Maine-et-Loire | Marne | Haute-Marne | Mayenne | Meurthe-et-Moselle | Meuse | Moselle | Nièvre | Oise | Orne | Bas-Rhin | Haut-Rhin | Rhône | Haute-Saône | Saône-et-Loire | Sarthe | Seine-Maritime | Seine-et-Marne | Deux-Sèvres | Somme | Tarn | Tarn-et-Garonne | Var | Vendée | Vienne | Haute-Vienne | Yonne | Essonne | Hauts-de-Seine | Seine-Saint-Denis | Val-de-Marne | Val-d'Oise
100%
Montagne(s) et mont(s) 13 Alpes-de-Haute-Provence | Hautes-Alpes | Alpes-Maritimes | Ardennes | Cantal | Jura | Lozère | Puy-de-Dôme | Pyrénées-Atlantiques | Hautes-Pyrénées | Pyrénées-Orientales | Vaucluse | Vosges
95%
Ile 6 Corse-du-Sud | Haute-Corse | Guadeloupe | Martinique | Mayotte | La Réunion
94%
Ville 5 Paris | Pas-de-Calais | Territoire de Belfort | Seine-Saint-Denis | Vaucluse
87%
Côtes et plans d'eau 6 Calvados | Côtes-d'Armor | Manche | Morbihan | Nord | Pas-de-Calais
71%
Situation géographique 2 Finistère | Nord
56%
Etendue végétale 2 Landes | Yvelines
46%
Province ou territoire historique 6 Alpes-de-Haute-Provence | Alpes-Maritimes | Landes | Savoie | Haute-Savoie | Guyane
33%
Paysage, poésie 1 Côte-d'Or
13%
Aucun quiz correspondant
Distribution des résultats
% des personnes avec chaque résultat
Percentile par nombre de réponses
Votre historique - résultats
Vous n’avez pas pris ce quiz